[Event "BUL-chT (Women) 47th"]
[Site "Sunny Beach"]
[Date "2014.09.25"]
[Round "7.1"]
[White "Andreeva, Plamena"]
[Black "Daulyte Cornette, Deimante"]
[Result "0-1"]
[WhiteElo "2079"]
[BlackElo "2365"]
[PlyCount "96"]
[EventDate "2014.09.19"]
[EventType "team-tourn"]
[EventRounds "7"]
[EventCountry "BUL"]
[SourceTitle "EXT 2015"]
[Source "ChessBase"]
[SourceDate "2014.11.20"]
[SourceVersion "1"]
[SourceVersionDate "2014.11.20"]
[SourceQuality "1"]
[WhiteTeam "Pleven Spartak XXI (W)"]
[BlackTeam "Sofia CSKA (W)"]
[WhiteTeamCountry "BUL"]
[BlackTeamCountry "BUL"]

1. e4 c5 2. Nc3 d6 3. Nf3 Nc6 4. Bc4 g6 5. 0-0 Bg7 6. h3 e6 7. d3 Nge7 8. a3 0-0 9. Bg5 h6 10. Bd2 d5 11. Ba2 b6 12. Re1 Kh7 13. Bf4 d4 14. Nb1 e5 15. Bg3 g5 16. Nbd2 Be6 17. Bxe6 fxe6 18. Nc4 Ng6 19. a4 Nf4 20. Nh2 Qe8 21. Bxf4 exf4 22. f3 Rb8 23. b3 a6 24. Kf2 Qe7 25. Ke2 b5 26. axb5 axb5 27. Nd2 Ra8 28. Qb1 Rxa1 29. Qxa1 Nb4 30. Qa5 Rb8 31. Rc1 Qb7 32. Qa1 Ra8 33. Qb1 Na2 34. Qb2 Nc3+ 35. Kf2 Ra2 36. Qxa2 Nxa2 37. Ra1 Nb4 38. e5 Nxc2 39. Rc1 Nb4 40. Ke2 Qd5 41. Ng4 h5 42. Nf6+ Bxf6 43. exf6 Na2 44. Ra1 Nc3+ 45. Kf2 Kg6 46. Ra7 Kxf6 47. Ra1 Qe5 48. Re1 Qe3+ 0-1

[Event "BUL-chT (Women) 44th"]
[Site "Albena"]
[Date "2011.06.04"]
[Round "3.2"]
[White "Olarasu, Gabriela"]
[Black "Andreeva, Plamena"]
[Result "1-0"]
[WhiteElo "2266"]
[BlackElo "2093"]
[PlyCount "81"]
[EventDate "2011.06.02"]
[EventType "team-tourn"]
[EventRounds "7"]
[EventCountry "BUL"]
[SourceTitle "CBM 142 Extra"]
[Source "ChessBase"]
[SourceDate "2011.06.27"]
[SourceVersion "1"]
[SourceVersionDate "2011.06.27"]
[SourceQuality "1"]
[WhiteTeam "Sofia Shah XXI (W)"]
[BlackTeam "Pleven Spartak XXI (W)"]
[WhiteTeamCountry "BUL"]
[BlackTeamCountry "BUL"]

1. d4 Nf6 2. c4 d6 3. Nc3 e5 4. d5 Bf5 5. g3 Nbd7 6. Bg2 e4 7. Nb5 Be7 8. Nd4 Bg6 9. Nh3 h6 10. f3 0-0 11. f4 Re8 12. Nf2 Bf8 13. Be3 a5 14. 0-0 Nc5 15. b3 Nfd7 16. a3 Nb6 17. Rc1 Be7 18. b4 axb4 19. axb4 Ncd7 20. Qb3 Nf6 21. Ra1 h5 22. Bh3 Ng4 23. Rxa8 Qxa8 24. Nxg4 hxg4 25. Bxg4 Bf6 26. c5 Nc8 27. Nb5 Qb8 28. Rc1 Ne7 29. cxd6 cxd6 30. Bb6 Nf5 31. Qa4 Qa8 32. Qxa8 Rxa8 33. Bxf5 Bxf5 34. Nxd6 Bg4 35. Nxe4 Bb2 36. Rc2 Ra1+ 37. Kg2 Ba3 38. Nf2 Bd7 39. Rc7 Bb5 40. d6 Bc6+ 41. Rxc6 1-0

[Event "BUL-chT-A (Women) 43th"]
[Site "Albena"]
[Date "2010.06.01"]
[Round "6.3"]
[White "Ivanova, Simoneta"]
[Black "Andreeva, Plamena"]
[Result "1/2-1/2"]
[WhiteElo "1791"]
[BlackElo "2119"]
[PlyCount "80"]
[EventDate "2010.05.27"]
[EventType "team-tourn"]
[EventRounds "7"]
[EventCountry "BUL"]
[SourceTitle "CBM 136 Extra"]
[Source "ChessBase"]
[SourceDate "2010.07.02"]
[SourceVersion "2"]
[SourceVersionDate "2010.07.15"]
[SourceQuality "1"]
[WhiteTeam "Mihail Tal (W)"]
[BlackTeam "Pleven Spartak XXI (W)"]
[WhiteTeamCountry "BUL"]
[BlackTeamCountry "BUL"]

1. e4 c5 2. Nc3 Nc6 3. Bb5 Nd4 4. Ba4 a6 5. Bb3 e6 6. Nf3 Qc7 7. d3 Nf6 8. Nxd4 cxd4 9. Ne2 Bc5 10. 0-0 0-0 11. f4 Nxe4 12. dxe4 d3+ 13. Kh1 dxe2 14. Qxe2 f5 15. Bd2 b6 16. exf5 Rxf5 17. Qe4 Rf8 18. f5 Bb7 19. Qg4 d5 20. fxe6 Rae8 21. Rae1 Qe7 22. Bc3 g6 23. Rxf8+ Rxf8 24. Bd4 Rf5 25. Bxc5 bxc5 26. Qa4 Qxe6 27. Qh4 Qf6 28. Qxf6 Rxf6 29. h3 Bc6 30. a3 Kf7 31. Ba2 Rf2 32. Bb1 d4 33. Rg1 c4 34. Kh2 Be4 35. Kg3 Rd2 36. Rf1+ Ke6 37. Rf2 Rd1 38. Ba2 Kd5 39. Re2 Bf5 40. b3 c3 1/2-1/2

[Event "BUL-chT (Women) 42th"]
[Site "Sunny Beach"]
[Date "2009.05.14"]
[Round "7.3"]
[White "Andreeva, Plamena"]
[Black "Ilieva, Hristina"]
[Result "1-0"]
[WhiteElo "2127"]
[BlackElo "2114"]
[PlyCount "179"]
[EventDate "2009.05.08"]
[EventType "team-tourn"]
[EventRounds "7"]
[EventCountry "BUL"]
[SourceTitle "CBM 130 Extra"]
[Source "ChessBase"]
[SourceDate "2009.07.02"]
[SourceVersion "2"]
[SourceVersionDate "2009.07.15"]
[SourceQuality "1"]
[WhiteTeam "Pleven Spartak XXI (W)"]
[BlackTeam "Sofia CSKA (W)"]
[WhiteTeamCountry "BUL"]
[BlackTeamCountry "BUL"]

1. e4 c6 2. d4 d5 3. f3 e6 4. Nc3 b6 5. Bf4 Nf6 6. Nge2 Ba6 7. Qd2 Be7 8. 0-0-0 b5 9. e5 Nfd7 10. Nb1 c5 11. dxc5 Bxc5 12. Nd4 Bxd4 13. Qxd4 Nc6 14. Qe3 Rc8 15. Qa3 Qa5 16. Qxa5 Nxa5 17. Nc3 Nc4 18. b3 Ncxe5 19. Nxb5 Bxb5 20. Bxb5 Ke7 21. Rhe1 Rc5 22. a4 Ng6 23. Be3 Rc7 24. Bf2 Rhc8 25. Rd2 Nc5 26. Kb2 Kf8 27. Bg3 Rb7 28. Bd6+ Kg8 29. Ka3 Rb6 30. Bg3 a6 31. Bf1 Ne7 32. Bf2 Rd6 33. Bg3 Rdc6 34. Kb2 Nf5 35. Bf2 Nb7 36. g4 Ne7 37. Bd4 Ng6 38. c4 dxc4 39. Bxc4 Na5 40. Bf1 Rb8 41. Re3 Ne7 42. Rc2 Nd5 43. Rxc6 Nxc6 44. Rd3 Ndb4 45. Rd2 Nxd4 46. Rxd4 a5 47. Bc4 Kf8 48. Rd7 Rc8 49. Rb7 Rc5 50. Rb5 Na6 51. Kc3 Ke8 52. Kd4 e5+ 53. Kc3 f6 54. Rb7 Nc7 55. Kd3 Ke7 56. Ke4 Kd6 57. Rb6+ Ke7 58. h4 g6 59. h5 gxh5 60. gxh5 f5+ 61. Kxf5 e4+ 62. Kxe4 Rxh5 63. f4 Rh1 64. Rb7 Kd6 65. Ra7 Rh5 66. f5 Rh4+ 67. Kf3 h5 68. Rxa5 Ne8 69. Ra6+ Kc5 70. Re6 Nd6 71. Re5+ Kb4 72. Be6 Rd4 73. f6 Rd3+ 74. Ke2 Rd4 75. Ke3 Rd1 76. f7 Re1+ 77. Kf2 Rxe5 78. f8Q Rxe6 79. Qb8+ Kc3 80. a5 Ne4+ 81. Kf3 Nd2+ 82. Kf4 Re4+ 83. Kf5 Rb4 84. Qg3+ Kc2 85. a6 Nxb3 86. a7 Nd4+ 87. Kg6 Rb6+ 88. Kxh5 Rb5+ 89. Kg4 Ne6 90. Qf2+ 1-0

[Event "BUL-chT (Women) 42th"]
[Site "Sunny Beach"]
[Date "2009.05.13"]
[Round "6.2"]
[White "Andreeva, Plamena"]
[Black "Tomovska, Iliana"]
[Result "1-0"]
[WhiteElo "2127"]
[BlackElo "2038"]
[PlyCount "93"]
[EventDate "2009.05.08"]
[EventType "team-tourn"]
[EventRounds "7"]
[EventCountry "BUL"]
[SourceTitle "CBM 130 Extra"]
[Source "ChessBase"]
[SourceDate "2009.07.02"]
[SourceVersion "2"]
[SourceVersionDate "2009.07.15"]
[SourceQuality "1"]
[WhiteTeam "Pleven Spartak XXI (W)"]
[BlackTeam "Plovdiv Rokada (W)"]
[WhiteTeamCountry "BUL"]
[BlackTeamCountry "BUL"]

1. e4 c5 2. Nc3 Nc6 3. g3 g6 4. d3 Bg7 5. Be3 d6 6. Qd2 Rb8 7. Bg2 b5 8. f4 b4 9. Nd1 e5 10. f5 f6 11. g4 h5 12. h3 Nce7 13. Nf3 Nh6 14. Nf2 Nf7 15. 0-0 Bh6 16. Bxh6 Nxh6 17. fxg6 Nxg6 18. gxh5 Nf4 19. Nh4 Rg8 20. Ng6 Nxg6 21. Qxh6 Nf4 22. Ng4 Bxg4 23. hxg4 Rxg4 24. Rf2 Nh3+ 25. Kf1 Nxf2 26. Kxf2 Kf7 27. Qh7+ Rg7 28. Qf5 Qc8 29. Qf3 Qg4 30. Rh1 Rbg8 31. Qxg4 Rxg4 32. Bh3 Rf4+ 33. Ke2 Rg3 34. h6 Kg8 35. Rh2 Kh8 36. Bf5 a5 37. Be6 Rff3 38. Bf5 Re3+ 39. Kd2 Ref3 40. h7 Rf1 41. Ke2 Ra1 42. Rh6 Rg2+ 43. Kf3 Rxc2 44. Rxf6 Rf1+ 45. Kg4 Rg1+ 46. Kf3 Kg7 47. Rf8 1-0

[Event "BUL-chT (Women) 42th"]
[Site "Sunny Beach"]
[Date "2009.05.12"]
[Round "5.4"]
[White "Andreeva, Plamena"]
[Black "Vladimirova, Maria"]
[Result "1-0"]
[WhiteElo "2127"]
[BlackElo "2084"]
[PlyCount "97"]
[EventDate "2009.05.08"]
[EventType "team-tourn"]
[EventRounds "7"]
[EventCountry "BUL"]
[SourceTitle "CBM 130 Extra"]
[Source "ChessBase"]
[SourceDate "2009.07.02"]
[SourceVersion "2"]
[SourceVersionDate "2009.07.15"]
[SourceQuality "1"]
[WhiteTeam "Pleven Spartak XXI (W)"]
[BlackTeam "Sofia Shah XXI (W)"]
[WhiteTeamCountry "BUL"]
[BlackTeamCountry "BUL"]

1. d4 Nf6 2. Bf4 d5 3. e3 e6 4. Nf3 c5 5. c4 Qb6 6. Qc2 Nc6 7. dxc5 Bxc5 8. Nc3 0-0 9. Be2 d4 10. exd4 Bxd4 11. 0-0 e5 12. Bg5 Ng4 13. Bh4 Nb4 14. Qd2 f6 15. h3 Nh6 16. Na4 Qa5 17. a3 Qxa4 18. axb4 Qc6 19. Nxd4 exd4 20. Bg3 Nf5 21. b5 Qb6 22. Bf4 Be6 23. b4 Qd8 24. Rfd1 Qe8 25. g4 Nh4 26. Bg3 Ng6 27. Qxd4 Qf7 28. c5 f5 29. gxf5 Qxf5 30. Bg4 Qf7 31. Bxe6 Qxe6 32. Qd5 Qxd5 33. Rxd5 Nf4 34. Rd7 Nxh3+ 35. Kg2 Nf4+ 36. Kh2 Rf6 37. Rxb7 Rh6+ 38. Kg1 Ne2+ 39. Kg2 Nxg3 40. fxg3 Re8 41. Raxa7 Rg6 42. Re7 Rf8 43. b6 Rg4 44. b7 Rxb4 45. Ra8 h5 46. c6 h4 47. Rxf8+ Kxf8 48. Re2 hxg3 49. c7 1-0

[Event "BUL-chT2 (Women) 58th"]
[Site "Borovetz"]
[Date "2008.10.02"]
[Round "2.2"]
[White "Andreeva, Plamena"]
[Black "Koen, Maja"]
[Result "1-0"]
[WhiteElo "2110"]
[BlackElo "2121"]
[PlyCount "129"]
[EventDate "2008.10.01"]
[EventType "team"]
[EventRounds "5"]
[EventCountry "BUL"]
[SourceTitle "CBM 126 Extra"]
[Source "ChessBase"]
[SourceDate "2008.11.05"]
[SourceVersion "1"]
[SourceVersionDate "2008.11.05"]
[SourceQuality "1"]

1. e4 e5 2. Nf3 Nc6 3. d4 exd4 4. Nxd4 Nf6 5. Nxc6 bxc6 6. Qd4 Qe7 7. Nc3 Qb4 8. Bc4 Bc5 9. Qe5+ Kf8 10. Be2 Bd4 11. Qxc7 Bxc3+ 12. Kf1 Bd4 13. c3 Bb6 14. Qxc8+ Rxc8 15. cxb4 Nxe4 16. f3 Nf6 17. Bf4 Nd5 18. Bd6+ Kg8 19. Ke1 Re8 20. Kd2 Be3+ 21. Kd1 Re6 22. Bc5 d6 23. Bxe3 Nxe3+ 24. Kd2 Nxg2 25. Rac1 g6 26. Rxc6 Kg7 27. Rhc1 Rhe8 28. Bd3 Nh4 29. Rf1 d5 30. Rc5 Re3 31. Be4 d4 32. Rd5 f5 33. Rxd4 f4 34. Rd3 Rxd3+ 35. Kxd3 Rd8+ 36. Kc3 g5 37. Rf2 h5 38. Rd2 Rc8+ 39. Kb3 g4 40. Rd7+ Kh6 41. fxg4 hxg4 42. Rxa7 f3 43. Rf7 Kg5 44. h3 gxh3 45. Bxf3 h2 46. Bb7 Re8 47. Rf2 Re3+ 48. Ka4 Rh3 49. Bh1 Nf5 50. b5 Ng3 51. Bg2 h1Q 52. Bxh1 Rxh1 53. Rg2 Kf4 54. Rxg3 Kxg3 55. b6 Kf4 56. Kb5 Ke5 57. b7 Rh8 58. Kc6 Ke6 59. Kc7 Rh7+ 60. Kb6 Rh2 61. b4 Rh8 62. Ka7 Kd5 63. b8Q Rxb8 64. Kxb8 Kc4 65. a3 1-0

[Event "BUL-ch op (Women)"]
[Site "Vratsa"]
[Date "2008.07.29"]
[Round "6"]
[White "Krumova, Ani"]
[Black "Andreeva, Plamena"]
[Result "0-1"]
[WhiteElo "1746"]
[BlackElo "2107"]
[PlyCount "114"]
[EventDate "2008.07.25"]
[EventType "swiss"]
[EventRounds "9"]
[EventCountry "BUL"]
[SourceTitle "CBM 125 Extra"]
[Source "ChessBase"]
[SourceDate "2008.09.01"]
[SourceVersion "1"]
[SourceVersionDate "2008.09.01"]
[SourceQuality "1"]

1. d4 Nf6 2. Nf3 d6 3. Bf4 g6 4. h3 Bg7 5. e3 Nbd7 6. Be2 c5 7. c3 b6 8. 0-0 0-0 9. Nbd2 Bb7 10. Qb3 Qe8 11. Bh2 Qc8 12. Qa4 Re8 13. Bc4 h6 14. Qb3 d5 15. Be2 c4 16. Qc2 b5 17. Ne5 Nxe5 18. Bxe5 Nd7 19. Bxg7 Kxg7 20. f4 Qc7 21. h4 f6 22. h5 f5 23. Nf3 e6 24. Nh4 g5 25. fxg5 hxg5 26. Nxf5+ exf5 27. Qxf5 Qd6 28. Qxg5+ Kh8 29. Rf7 Rg8 30. Qf5 Rg7 31. Rxg7 Kxg7 32. Bg4 Bc6 33. Rf1 Rf8 34. Qg5+ Kh8 35. Bf5 Qf6 36. Qg3 Qh6 37. Rf4 Rg8 38. Bg6 Nf8 39. Rf6 Be8 40. Qe5 Nd7 41. Qe6 Nxf6 42. Qxf6+ Qg7 43. Qf5 Bxg6 44. hxg6 Qxg6 45. Qxd5 Qg5 46. Qe4 Rf8 47. d5 Qf6 48. a3 Rd8 49. d6 Rxd6 50. Qe8+ Kg7 51. Qh5 Qg6 52. Qe5+ Kg8 53. e4 Rd1+ 54. Kf2 Rd2+ 55. Ke3 Qh6+ 56. Kf3 Rd3+ 57. Kf2 Qe3+ 0-1

[Event "BUL-ch op (Women)"]
[Site "Vratsa"]
[Date "2008.07.26"]
[Round "2"]
[White "Dragomirescu, Angela"]
[Black "Andreeva, Plamena"]
[Result "1-0"]
[WhiteElo "2206"]
[BlackElo "2107"]
[PlyCount "121"]
[EventDate "2008.07.25"]
[EventType "swiss"]
[EventRounds "9"]
[EventCountry "BUL"]
[SourceTitle "CBM 125 Extra"]
[Source "ChessBase"]
[SourceDate "2008.09.01"]
[SourceVersion "1"]
[SourceVersionDate "2008.09.01"]
[SourceQuality "1"]

1. Nf3 Nf6 2. c4 d6 3. d4 g6 4. Nc3 Bf5 5. g3 Ne4 6. Nxe4 Bxe4 7. Bg2 Bg7 8. 0-0 0-0 9. Ne1 Bxg2 10. Kxg2 c5 11. d5 Qb6 12. Rb1 Qa6 13. Qb3 Nd7 14. Nc2 Rab8 15. Na3 Qa5 16. Qc2 a6 17. Bd2 Qc7 18. Bc3 b5 19. Bxg7 Kxg7 20. b4 cxb4 21. Rxb4 bxc4 22. Qc3+ Kg8 23. Rxc4 Nc5 24. Rd1 Qb7 25. Rd2 Rfc8 26. f3 Na4 27. Qa5 Rxc4 28. Nxc4 Qb5 29. Qxb5 Rxb5 30. e4 Kg7 31. Kf2 f5 32. Ke3 Rb4 33. Rc2 fxe4 34. fxe4 Rb1 35. Kd4 Rd1+ 36. Rd2 Rxd2+ 37. Nxd2 Kf6 38. Nf3 Nb6 39. g4 g5 40. e5+ dxe5+ 41. Nxe5 Nc8 42. Nd7+ Kf7 43. Nc5 a5 44. Ne4 h6 45. Kc5 a4 46. a3 Kg6 47. Kc6 Na7+ 48. Kb6 Nc8+ 49. Kc7 Na7 50. Nc3 Kf6 51. Kb7 Ke5 52. Kxa7 Kd4 53. Nxa4 Kxd5 54. Kb6 e5 55. Nc5 e4 56. a4 e3 57. Nd3 Ke4 58. Ne1 e2 59. a5 Ke3 60. a6 Kf2 61. Nc2 1-0

[Event "BUL-ch sf (Women) 57th"]
[Site "Plovdiv"]
[Date "2008.02.18"]
[Round "7"]
[White "Koen, Maja"]
[Black "Andreeva, Plamena"]
[Result "0-1"]
[WhiteElo "2162"]
[BlackElo "2197"]
[PlyCount "132"]
[EventDate "2008.02.13"]
[EventType "swiss"]
[EventRounds "7"]
[EventCountry "BUL"]
[SourceTitle "EXT 2010"]
[Source "ChessBase"]
[SourceDate "2010.11.25"]
[SourceVersion "1"]
[SourceVersionDate "2010.11.25"]
[SourceQuality "1"]

1. d4 Nf6 2. c4 d6 3. g3 e5 4. d5 Bf5 5. Nc3 Nbd7 6. Bg2 e4 7. Qd4 Qe7 8. Nb5 Qd8 9. g4 Bxg4 10. Bxe4 a6 11. Nc3 Qe7 12. h3 Bh5 13. Bc2 g6 14. Ba4 Bg7 15. Bg5 h6 16. Be3 0-0 17. Bxd7 Nxd7 18. Qd2 Ne5 19. b3 Kh7 20. f4 Nd7 21. 0-0-0 b5 22. Bd4 Nf6 23. Qd3 b4 24. Nb1 Rfe8 25. Rh2 Ne4 26. Bxg7 Kxg7 27. Nf3 Kh7 28. Nd4 Qh4 29. Rf1 Nc5 30. Qd2 Qg3 31. Nf3 Ne4 32. Qe1 Bxf3 33. Qxg3 Nxg3 34. Rxf3 Nxe2+ 35. Kd1 Nd4 36. Rd3 Re4 37. Rf2 Nf5 38. a3 a5 39. Kc1 Rae8 40. Kb2 Re3 41. Rxe3 Rxe3 42. Nd2 Rxh3 43. Nf3 Kg7 44. axb4 axb4 45. Ne1 Nd4 46. Nc2 Rxb3+ 47. Ka2 Rf3 48. Rxf3 Nxf3 49. Nxb4 Nd2 50. c5 Ne4 51. c6 Nf6 52. Kb3 h5 53. Nd3 h4 54. Kc4 h3 55. Nf2 h2 56. Kd4 Ng4 57. Nh1 f5 58. Kc4 Kf6 59. Kd4 g5 60. Kd3 gxf4 61. Ke2 Ke5 62. Kf3 Kxd5 63. Kg2 Ke4 64. Ng3+ fxg3 65. Kxg3 f4+ 66. Kg2 f3+ 0-1

[Event "BUL-ch sf (Women) 57th"]
[Site "Plovdiv"]
[Date "2008.02.17"]
[Round "6"]
[White "Andreeva, Plamena"]
[Black "Hristova, Hristina"]
[Result "1/2-1/2"]
[WhiteElo "2197"]
[BlackElo "1918"]
[PlyCount "94"]
[EventDate "2008.02.13"]
[EventType "swiss"]
[EventRounds "7"]
[EventCountry "BUL"]
[SourceTitle "EXT 2010"]
[Source "ChessBase"]
[SourceDate "2010.11.25"]
[SourceVersion "1"]
[SourceVersionDate "2010.11.25"]
[SourceQuality "1"]

1. e4 e5 2. Nf3 Nf6 3. Nc3 Nc6 4. Be2 Bc5 5. d3 d6 6. Na4 Bb6 7. c3 h6 8. Qc2 d5 9. exd5 Qxd5 10. Nxb6 axb6 11. b3 Bf5 12. 0-0 0-0 13. Rd1 Qc5 14. Be3 Qe7 15. h3 Nd5 16. Bd2 Rfd8 17. Qb2 Nf6 18. Be1 e4 19. dxe4 Qxe4 20. c4 Qc2 21. Qxc2 Bxc2 22. Rxd8+ Rxd8 23. Bd2 Ne4 24. Bf4 Nc3 25. Bf1 Ra8 26. Rc1 Rxa2 27. Bxc7 Rb2 28. Bxb6 Na2 29. Re1 Rxb3 30. Bc5 Nab4 31. Nd4 Nxd4 32. Bxd4 Bg6 33. Re8+ Kh7 34. Be2 Rb1+ 35. Kh2 Nc6 36. Be3 f6 37. Ra8 Ne5 38. Rd8 Rb2 39. Rd2 Rb4 40. c5 Rb3 41. Bd4 Nc6 42. Be3 Ne5 43. Bd4 Nc6 44. Bd1 Nxd4 45. Rxd4 Rc3 46. Bf3 Rxc5 47. Bxb7 Rc7 1/2-1/2

[Event "BUL-chT (Women) 57th"]
[Site "Sunny Beach"]
[Date "2007.10.02"]
[Round "4.4"]
[White "Chilingirova, Pavlina"]
[Black "Andreeva, Plamena"]
[Result "1/2-1/2"]
[WhiteElo "2189"]
[BlackElo "2087"]
[PlyCount "120"]
[EventDate "2007.09.29"]
[EventType "team"]
[EventRounds "7"]
[EventCountry "BUL"]
[SourceTitle "CBM 120 Extra"]
[Source "ChessBase"]
[SourceDate "2007.11.01"]
[SourceVersion "1"]
[SourceVersionDate "2007.11.01"]
[SourceQuality "1"]

1. c4 e5 2. Nc3 Nc6 3. Nf3 d6 4. d3 g6 5. g3 Bg7 6. Bg2 h6 7. e4 Be6 8. Be3 Qd7 9. Nd5 Nd8 10. h3 c6 11. Nc3 Ne7 12. Qd2 d5 13. cxd5 cxd5 14. d4 Ndc6 15. dxe5 dxe4 16. Qxd7+ Bxd7 17. Nxe4 Nxe5 18. Nd6+ Kf8 19. Nxe5 Bxe5 20. Nc4 Bf6 21. Bxb7 Rb8 22. Bg2 Be6 23. Rc1 Nd5 24. Bxa7 Ra8 25. Bc5+ Kg7 26. 0-0 Rxa2 27. Rfd1 Nc7 28. b4 Na6 29. Bd6 Nxb4 30. Ne3 Ra4 31. Ng4 Bxg4 32. hxg4 Na2 33. Rc7 Nc3 34. Re1 Nb5 35. Bc6 Rd4 36. Bxb5 Rxd6 37. Bc4 Rf8 38. Rb1 Bd4 39. Kg2 g5 40. f4 Bb6 41. Rb7 Rd2+ 42. Kf3 Bd8 43. Ra1 Rc2 44. Bb3 Rc3+ 45. Kg2 Rc7 46. Raa7 Rxb7 47. Rxb7 Kf6 48. Kf3 Be7 49. Ke4 Rd8 50. Bd5 Rd6 51. Rb8 Ra6 52. Bb3 Rd6 53. Rb5 Kg6 54. Re5 Bf6 55. Rb5 Be7 56. Rf5 Bf6 57. Rb5 Be7 58. Bc4 Rc6 59. Kd3 Rd6+ 60. Ke4 Rf6 1/2-1/2

[Event "BUL-chT (Women) 57th"]
[Site "Sunny Beach"]
[Date "2007.10.01"]
[Round "3.1"]
[White "Kantardzhieva, Toni"]
[Black "Andreeva, Plamena"]
[Result "0-1"]
[WhiteElo "1967"]
[BlackElo "2087"]
[PlyCount "68"]
[EventDate "2007.09.29"]
[EventType "team"]
[EventRounds "7"]
[EventCountry "BUL"]
[SourceTitle "CBM 120 Extra"]
[Source "ChessBase"]
[SourceDate "2007.11.01"]
[SourceVersion "1"]
[SourceVersionDate "2007.11.01"]
[SourceQuality "1"]

1. d4 Nf6 2. Nf3 d5 3. e3 c5 4. Be2 Bf5 5. 0-0 Nc6 6. b3 e6 7. Bb2 h6 8. Nbd2 Bd6 9. Ne5 0-0 10. f4 Rc8 11. c4 Nb4 12. Rf3 Qb6 13. Nf1 Rfd8 14. h3 Be4 15. Rf2 Bc2 16. Qe1 Bh7 17. Qc1 Nc2 18. g4 cxd4 19. exd4 Nxd4 20. Ne3 Nxe2+ 21. Rxe2 d4 22. g5 hxg5 23. fxg5 Ne4 24. g6 Bxg6 25. Nxg6 fxg6 26. Kg2 dxe3 27. Qc2 Qc6 28. Rxe3 Ng3+ 29. Rf3 Rf8 30. Qd3 Rxf3 31. Qxf3 Qxf3+ 32. Kxf3 Rf8+ 33. Kg2 Ne4 34. Bd4 Bc5 0-1

[Event "BUL-ch (Women) 56th"]
[Site "Pernik"]
[Date "2007.03.16"]
[Round "7"]
[White "Voiska, Margarita"]
[Black "Andreeva, Plamena"]
[Result "1/2-1/2"]
[WhiteElo "2319"]
[BlackElo "2090"]
[PlyCount "92"]
[EventDate "2007.03.11"]
[EventType "tourn"]
[EventRounds "11"]
[EventCountry "BUL"]
[SourceTitle "CBM 117 Extra"]
[Source "ChessBase"]
[SourceDate "2007.05.09"]
[SourceVersion "1"]
[SourceVersionDate "2007.05.09"]
[SourceQuality "1"]

1. d4 Nf6 2. Nf3 d6 3. g3 g6 4. Bg2 Bg7 5. 0-0 0-0 6. Nc3 Nbd7 7. e4 e5 8. h3 exd4 9. Nxd4 Re8 10. Nb3 a5 11. a4 Ne5 12. Re1 Nc6 13. Bg5 h6 14. Be3 Kh7 15. Nc1 Bd7 16. Nd3 Nb4 17. Nf4 Bc6 18. Bd4 Re7 19. f3 Bd7 20. Nce2 Re8 21. c3 Nc6 22. Bf2 Ne5 23. Nd4 Qc8 24. Kh2 Ng8 25. Nd5 Ne7 26. f4 N5c6 27. Nb5 Nxd5 28. exd5 Ne7 29. g4 Bxb5 30. axb5 b6 31. Bd4 Ng8 32. Qa4 Qd7 33. Bxg7 Kxg7 34. Qc4 Re7 35. Rxe7 Qxe7 36. b4 a4 37. Ra2 Qd7 38. Qd4+ Kh7 39. c4 Qe7 40. Ra3 Qd7 41. Qd1 Qe7 42. Qd4 Qd7 43. Bf3 Qe8 44. Re3 Qd7 45. Ra3 Qe8 46. Re3 Qd7 1/2-1/2

[Event "BUL-ch (Women) 56th"]
[Site "Pernik"]
[Date "2007.03.15"]
[Round "6"]
[White "Andreeva, Plamena"]
[Black "Videnova, Iva"]
[Result "0-1"]
[WhiteElo "2090"]
[BlackElo "2175"]
[PlyCount "120"]
[EventDate "2007.03.11"]
[EventType "tourn"]
[EventRounds "11"]
[EventCountry "BUL"]
[SourceTitle "CBM 117 Extra"]
[Source "ChessBase"]
[SourceDate "2007.05.09"]
[SourceVersion "1"]
[SourceVersionDate "2007.05.09"]
[SourceQuality "1"]

1. d4 c5 2. d5 d6 3. c4 g6 4. e4 Bg7 5. Nc3 e5 6. dxe6 Bxe6 7. Nb5 a6 8. Nxd6+ Ke7 9. Bg5+ f6 10. Bf4 Bh6 11. Bxh6 Nxh6 12. Qd2 Qxd6 13. Qxh6 Nc6 14. Qe3 Nb4 15. Qc3 Qe5 16. Qxe5 fxe5 17. Kd2 Rad8+ 18. Kc3 Rd6 19. Nf3 Kf6 20. a3 Nc6 21. h3 Nd4 22. Rd1 Rhd8 23. Nxd4 exd4+ 24. Kd2 Ke5 25. Bd3 b5 26. b3 Rf8 27. Ke2 a5 28. Rc1 bxc4 29. bxc4 Rb6 30. f4+ Rxf4 31. Rb1 Rxb1 32. Rxb1 Bd7 33. Rb7 Bc6 34. Rxh7 Ke6 35. g3 Rf8 36. Rg7 Rf6 37. Rc7 Kd6 38. Ra7 Re6 39. Kf3 Ke5 40. Rxa5 Bxe4+ 41. Bxe4 Rf6+ 42. Ke2 Kxe4 43. Rxc5 d3+ 44. Kd2 Rf2+ 45. Kc3 Rc2+ 46. Kb3 Rc1 47. Rd5 Ke3 48. Re5+ Kd2 49. c5 Rc3+ 50. Kb4 Kc2 51. Kb5 d2 52. Re2 Kd3 53. Rxd2+ Kxd2 54. c6 Rxa3 55. c7 Rc3 56. Kb6 Ke3 57. Kb7 Kf3 58. g4 Kg3 59. g5 Kxh3 60. c8Q+ Rxc8 0-1

[Event "BUL-ch qual (Women)"]
[Site "Plovdiv"]
[Date "2007.02.25"]
[Round "2.5"]
[White "Vladimirova, Maria"]
[Black "Andreeva, Plamena"]
[Result "0-1"]
[WhiteElo "1973"]
[BlackElo "2090"]
[PlyCount "126"]
[EventDate "2007.02.24"]
[EventType "swiss"]
[EventRounds "9"]
[EventCountry "BUL"]
[SourceTitle "CBM 117 Extra"]
[Source "ChessBase"]
[SourceDate "2007.05.09"]
[SourceVersion "1"]
[SourceVersionDate "2007.05.09"]
[SourceQuality "1"]

1. e4 c5 2. Nf3 d6 3. d4 Nf6 4. Nc3 cxd4 5. Nxd4 Nc6 6. f3 e5 7. Nb3 Be7 8. Be3 0-0 9. Qe2 a5 10. Qb5 Bd7 11. Bb6 Qc8 12. 0-0-0 a4 13. Nd2 Ra6 14. Nc4 Na5 15. Qb4 Nxc4 16. Bxc4 Rxb6 17. Qxb6 Qxc4 18. Qxb7 Rc8 19. Rd3 Kf8 20. g4 Be6 21. Rhd1 Nd7 22. Qb5 Nc5 23. Qxc4 Bxc4 24. Rxd6 Bxd6 25. Rxd6 Ke7 26. Rb6 f6 27. Rb4 Bf1 28. Kd2 Ne6 29. Nd5+ Kd6 30. Ne3 Ba6 31. Rxa4 Bb7 32. c3 Bc6 33. Nc4+ Kc7 34. Ra7+ Kb8 35. Ra3 Bxe4 36. Nxe5 fxe5 37. fxe4 Ng5 38. Ke3 Rf8 39. h4 Nf7 40. Ra5 Nh6 41. g5 Ng4+ 42. Kd3 Rf3+ 43. Kc4 Kb7 44. Rc5 Rf2 45. Rb5+ Kc6 46. Rc5+ Kd6 47. Rd5+ Ke6 48. Rb5 Rd2 49. Rb4 Nf2 50. Rb6+ Rd6 51. Rb7 Nxe4 52. Rxg7 Nd2+ 53. Kc5 e4 54. Rxh7 Rd5+ 55. Kc6 e3 56. Rh8 Rd6+ 57. Kc7 Rd7+ 58. Kc6 Re7 59. Rh6+ Ke5 60. Rd6 e2 61. Rd5+ Ke4 62. Rd4+ Ke3 63. Kd6 Re4 0-1

[Event "BUL-ch qual (Women)"]
[Site "Plovdiv"]
[Date "2007.02.24"]
[Round "1.5"]
[White "Andreeva, Plamena"]
[Black "Georgieva, Konstantina"]
[Result "1-0"]
[WhiteElo "2090"]
[BlackElo "1823"]
[PlyCount "47"]
[EventDate "2007.02.24"]
[EventType "swiss"]
[EventRounds "9"]
[EventCountry "BUL"]
[SourceTitle "CBM 117 Extra"]
[Source "ChessBase"]
[SourceDate "2007.05.09"]
[SourceVersion "1"]
[SourceVersionDate "2007.05.09"]
[SourceQuality "1"]

1. e4 e5 2. Nf3 Nc6 3. d4 exd4 4. Nxd4 Nxd4 5. Qxd4 Nf6 6. e5 Ng8 7. Bd3 d6 8. exd6 Qxd6 9. Qe4+ Qe6 10. 0-0 Qxe4 11. Bxe4 c6 12. Re1 Ne7 13. Bf4 Be6 14. Nc3 0-0-0 15. a4 Bf5 16. Be3 a6 17. Bb6 Rd6 18. Bxf5+ Nxf5 19. Re8+ Kd7 20. Rd8+ Ke6 21. Re1+ Kf6 22. Ne4+ Kg6 23. Nxd6 Nxd6 24. Bc5 1-0